| 000 | 00583cam a22002057a 4500 | ||
|---|---|---|---|
| 008 | 180718b2009 xxu||||| |||| 00| 0 eng d | ||
| 020 | _a9780750680172 | ||
| 082 | _aI513 L689a | ||
| 100 | _aHolbeche, Linda | ||
| 245 |
_aAligning human resources and business strategy _cby Linda Holbeche |
||
| 250 | _a2nd ed. | ||
| 260 |
_aBurlington _bElsevier _c2009 |
||
| 300 | _a498p. | ||
| 650 | _aPersonnel management | ||
| 650 | _aOrganizational learning | ||
| 650 | _aOrganizational change | ||
| 650 | _aHuman capital | ||
| 650 | _aStrategic planning | ||
| 650 | _aManpower planning | ||
| 999 |
_c441060 _d441060 |
||